Lending
محفوظ في:
| المؤلف الرئيسي: | |
|---|---|
| مؤلفون آخرون: | |
| التنسيق: | كتاب |
| منشور في: |
Dar es Salaam :
Tanzania Insitute of Banker,
2007.
|
| سلاسل: | Bankers workbook series
|
| الموضوعات: | |
| الوسوم: |
إضافة وسم
لا توجد وسوم, كن أول من يضع وسما على هذه التسجيلة!
|
MARC
| LEADER | 00000nam a2200000 4500 | ||
|---|---|---|---|
| 005 | 20251006105452.0 | ||
| 020 | |a 9987694179 |c TZS 20,000/= | ||
| 040 | |a MCCL |b eng. |e AACR 2nd rev. ed. | ||
| 082 | |a 332.1 CHI | ||
| 100 | |a Chijoriga Marcellina M. | ||
| 245 | |a Lending |c / Marcellina M.Chijoriga | ||
| 260 | |a Dar es Salaam : |b Tanzania Insitute of Banker, |c 2007. | ||
| 300 | |a xi, 274 p. : |b col ill. ; |c 26 cm. | ||
| 440 | |a Bankers workbook series | ||
| 504 | |a Includes index. | ||
| 546 | |a eng. | ||
| 650 | |a Lending | ||
| 700 | |a Chijoriga, M. M | ||
| 942 | |c BK | ||
| 999 | |c 12023 |d 12023 | ||